书目信息 |
| 题名: |
唐人短札
|
|
| 作者: | 张伟 , 祝淳翔 编 | |
| 分册: | ||
| 出版信息: | 上海 上海大学出版社 2020.08 |
|
| 页数: | 10, 16, 426页, [8] 页图版 | |
| 开本: | 21cm | |
| 丛书名: | 唐大郎文集 | |
| 单 册: | ||
| 中图分类: | I266.5 | |
| 科图分类: | ||
| 主题词: | 书信集--shu xin ji--中国--现代 | |
| 电子资源: | ||
| ISBN: | 978-7-5671-3886-5 | |
| 000 | 01247nam 2200277 450 | |
| 001 | CAL 004001253 | |
| 005 | 20230217093113.0 | |
| 010 | @a978-7-5671-3886-5@b精装@dCNY88.00 | |
| 100 | @a20200901d2020 em y0chiy0120 ea | |
| 101 | 0 | @achi |
| 102 | @aCN@b310000 | |
| 105 | @aaf z 000ey | |
| 106 | @ar | |
| 200 | 1 | @a唐人短札@Atang ren duan zha@f张伟, 祝淳翔编 |
| 210 | @a上海@c上海大学出版社@d2020.08 | |
| 215 | @a10, 16, 426页, [8] 页图版@c图@d21cm | |
| 225 | 2 | @a唐大郎文集@Atang da lang wen ji@v7 |
| 300 | @a上海文化发展基金会图书出版专项基金资助 | |
| 330 | @a此为誉为“江南第一枝笔”唐大郎文集汇编整理, 本卷收录了唐大郎1929—1947年发表在《铁报》《东方日报》《光化日报》《沪报》等多家民国小报上的短札诗文, 按时间顺序编排, 尤其描绘再现了当时艺文界众多人物的“行踪”及社交, 将当时“名流”的工作生活状态、聚会场景及人物心理生动呈现, 大致可以了解当时艺文界生态及作者生活状态, 可谓那个时代的“缩微编年史”。对于研究、传承、弘扬海派文化、江南文化, 尤其对研究当时社会文化生态极具价值。 | |
| 410 | 0 | @12001 @a唐大郎文集@v7 |
| 606 | 0 | @a书信集@Ashu xin ji@y中国@z现代 |
| 690 | @aI266.5@v5 | |
| 701 | 0 | @a张伟@Azhang wei@4编 |
| 701 | 0 | @a祝淳翔@Azhu chun xiang@4编 |
| 801 | 0 | @aCN@bBJXHZP@c20230228 |
| 905 | @b1389526-9@dI266.5@e4731@f4 | |
| 唐人短札/张伟, 祝淳翔编.-上海:上海大学出版社,2020.08 |
| 10, 16, 426页, [8] 页图版:图;21cm.-(唐大郎文集;7) |
| 上海文化发展基金会图书出版专项基金资助 |
| ISBN 978-7-5671-3886-5(精装):CNY88.00 |
| 此为誉为“江南第一枝笔”唐大郎文集汇编整理, 本卷收录了唐大郎1929—1947年发表在《铁报》《东方日报》《光化日报》《沪报》等多家民国小报上的短札诗文, 按时间顺序编排, 尤其描绘再现了当时艺文界众多人物的“行踪”及社交, 将当时“名流”的工作生活状态、聚会场景及人物心理生动呈现, 大致可以了解当时艺文界生态及作者生活状态, 可谓那个时代的“缩微编年史”。对于研究、传承、弘扬海派文化、江南文化, 尤其对研究当时社会文化生态极具价值。 |
| ● |
| 相关链接 |
|
|
|
|
正题名:唐人短札
索取号:I266.5/4731
 
预约/预借
| 序号 | 登录号 | 条形码 | 馆藏地/架位号 | 状态 | 备注 |
| 1 | 1389526 | 213895267 | 第一样本阅览室/ [索取号:I266.5/4731] | 在馆 | |
| 2 | 1389527 | 213895276 | 第二借阅区/ [索取号:I266.5/4731] | 在馆 | |
| 3 | 1389528 | 213895285 | 第二借阅区/ [索取号:I266.5/4731] | 在馆 | |
| 4 | 1389529 | 213895294 | 第二借阅区/ [索取号:I266.5/4731] | 在馆 |